000
00336nam a2200145Ia 4500
008
191201s2009 xx 000 0 und d
082
_a
338.5
_b
JHM
100
_a
JHINGAN, M.L
245
0
_a
Modern Microeconomics
250
_a
Rev
260
_a
N. Delhi
_b
Vrinda Publications
_c
2009
300
_a
808
650
_a
MBA
942
_2
ddc
_c
BK
999
_c
4677
_d
4677